| 000 | 00972nam a22002657a 4500 | ||
|---|---|---|---|
| 003 | BD-DhSAU | ||
| 005 | 20190113091220.0 | ||
| 008 | 151014b2014 bg ||||| |||| 001 0 eng d | ||
| 040 | _aBD-DhSAU | ||
| 082 |
_222 _a571.92 _bR224 |
||
| 100 |
_aRashid, Syed Nomanur _dReg. No. # 13-05787 |
||
| 245 |
_aBiodiversity, distribution and morphological characterization of mushrooms in southern region of Bangladesh / _bMS thesis |
||
| 260 |
_aSher-e- Bangla Agricultural University : _bDepartment of Plant Pathology, _c2014 |
||
| 300 |
_aix, 122 p. : _bill. ; _c30 cm. |
||
| 590 | _aMd. Sirajul Islam | ||
| 650 | _aPlant Pathology | ||
| 650 | _aBiodiversity | ||
| 650 | _aMorphological | ||
| 650 | _aMushrooms | ||
| 650 |
_aRegion _zBangladesh |
||
| 700 |
_4Aminuzzaman, F. M. _aSupervisor |
||
| 700 |
_4Islam, Md. Rafiqul _aCo-Supervisor |
||
| 856 |
_uhttp://archive.saulibrary.edu.bd:8080/xmlui/handle/123456789/52 _yOnline Access |
||
| 942 |
_2ddc _cTHESIS |
||
| 999 |
_c13150 _d13149 |
||